Chinese cities by Picture - Statistics

General Stats
  • This quiz has been taken 48 times
  • The average score is 7 of 12
Answer Stats
Picture Answer % Correct
Shanghai
92%
Xi’an
92%
Guangzhou
86%
Beijing
83%
Chongqing
56%
Harbin
50%
Wuhan
44%
Qingdao
42%
Tianjin
42%
Hong Kong
39%
Xiamen
39%
Wuxi
14%
No matching quizzes found
Score Distribution
Percent of People with Each Score
Percentile by Number Answered
Your Score History
You have not taken this quiz